[Event "Rapid Tournament (RAP)"]
[Site "Biel, CH"]
[Date "2025.07.13"]
[Round "5"]
[White "Gruenfeld, Yehuda"]
[Black "Rohrer, Christophe"]
[Result "0-1"]
[Board "6"]
[WhiteFideId "2800020"]
[BlackFideId "1326546"]
[WhiteTitle "GM"]
[BlackTitle "FM"]
[WhiteElo "2308"]
[BlackElo "2201"]
[WhiteTeam "ISR"]
[BlackTeam "SUI"]
[WhiteClock "0:01:58"]
[BlackClock "0:02:47"]
[Variant "Standard"]

1. e4 {[%clk 0:15:04]}  e5 {[%clk 0:15:08]} 2. Nf3 {[%clk 0:15:07]}  Nc6 {[%clk 0:15:11]} 3. Nc3 {[%clk 0:15:05]}  Nf6 {[%clk 0:15:12]} 4. Bb5 {[%clk 0:15:09]}  Bd6 {[%clk 0:15:13]} 5. O-O {[%clk 0:15:00]}  a6 {[%clk 0:14:53]} 6. Bxc6 {[%clk 0:14:04]}  dxc6 {[%clk 0:14:56]} 7. d4 {[%clk 0:14:06]}  Nd7 {[%clk 0:12:58]} 8. Bg5 {[%clk 0:13:32]}  f6 {[%clk 0:12:57]} 9. Be3 {[%clk 0:13:35]}  Qe7 {[%clk 0:10:23]} 10. Nh4 {[%clk 0:12:17]}  g6 {[%clk 0:11:29]} 11. f4 {[%clk 0:11:36]}  Nb6 {[%clk 0:09:58]} 12. fxe5 {[%clk 0:10:47]}  fxe5 {[%clk 0:09:57]} 13. Nf3 {[%clk 0:10:51]}  Bg4 {[%clk 0:09:25]} 14. Qe1 {[%clk 0:10:02]}  Bxf3 {[%clk 0:09:14]} 15. Rxf3 {[%clk 0:09:48]}  Nc4 {[%clk 0:09:04]} 16. Bf2 {[%clk 0:09:25]}  exd4 {[%clk 0:08:38]} 17. Bxd4 {[%clk 0:09:28]}  Ne5 {[%clk 0:08:36]} 18. Rf1 {[%clk 0:08:51]}  O-O-O {[%clk 0:08:32]} 19. h3 {[%clk 0:08:50]}  Rhf8 {[%clk 0:08:09]} 20. Qe2 {[%clk 0:08:47]}  Qh4 {[%clk 0:07:58]} 21. Rxf8 {[%clk 0:06:42]}  Rxf8 {[%clk 0:07:59]} 22. Rf1 {[%clk 0:06:46]}  Rxf1+ {[%clk 0:07:10]} 23. Qxf1 {[%clk 0:06:50]}  Qg3 {[%clk 0:06:39]} 24. Bxe5 {[%clk 0:05:20]}  Qxe5 {[%clk 0:06:28]} 25. Qf7 {[%clk 0:05:19]}  Qh2+ {[%clk 0:04:55]} 26. Kf2 {[%clk 0:05:12]}  Qg3+ {[%clk 0:04:59]} 27. Kf1 {[%clk 0:05:14]}  b5 {[%clk 0:04:54]} 28. Qf3 {[%clk 0:04:34]}  Qe5 {[%clk 0:04:48]} 29. Nd1 {[%clk 0:04:36]}  Bc5 {[%clk 0:04:33]} 30. c3 {[%clk 0:04:33]}  Qd6 {[%clk 0:04:00]} 31. Ke2 {[%clk 0:04:33]}  Kb7 {[%clk 0:03:57]} 32. Ne3 {[%clk 0:04:20]}  Qe6 {[%clk 0:04:02]} 33. b3 {[%clk 0:04:18]}  Qe5 {[%clk 0:04:06]} 34. Nc2 {[%clk 0:03:48]}  Qg5 {[%clk 0:03:55]} 35. Kd1 {[%clk 0:03:15]}  Qe5 {[%clk 0:03:39]} 36. Ke2 {[%clk 0:03:16]}  Be7 {[%clk 0:02:59]} 37. Ne1 {[%clk 0:02:00]}  Bf6 {[%clk 0:03:26]} 38. Kd2 {[%clk 0:02:02]}  a5 {[%clk 0:03:11]} 39. a3 {[%clk 0:01:46]}  b4 {[%clk 0:02:38]} 40. axb4 {[%clk 0:01:50]}  axb4 {[%clk 0:02:42]} 41. cxb4 {[%clk 0:01:54]}  Qb2+ {[%clk 0:02:46]} 42. Nc2 {[%clk 0:01:58]}  Bg5+ {[%clk 0:02:47]} 0-1

[Event "Rapid Tournament (RAP)"]
[Site "Biel, CH"]
[Date "2025.07.13"]
[Round "5"]
[White "Vilaseca, Laurent"]
[Black "Vincenti, Leonardo"]
[Result "1-0"]
[Board "7"]
[WhiteFideId "1310240"]
[BlackFideId "28550820"]
[BlackTitle "CM"]
[WhiteElo "2044"]
[BlackElo "2283"]
[WhiteTeam "SUI"]
[BlackTeam "ITA"]
[WhiteClock "0:03:29"]
[BlackClock "0:01:33"]
[Variant "Standard"]

1. d4 {[%clk 0:15:08]}  d5 {[%clk 0:15:04]} 2. Nf3 {[%clk 0:15:11]}  Nf6 {[%clk 0:15:08]} 3. e3 {[%clk 0:15:14]}  Bf5 {[%clk 0:15:08]} 4. Be2 {[%clk 0:15:16]}  e6 {[%clk 0:15:11]} 5. O-O {[%clk 0:15:17]}  h6 {[%clk 0:15:14]} 6. b3 {[%clk 0:15:16]}  Be7 {[%clk 0:15:08]} 7. Bb2 {[%clk 0:15:19]}  O-O {[%clk 0:15:11]} 8. c4 {[%clk 0:15:23]}  c6 {[%clk 0:15:16]} 9. Nc3 {[%clk 0:15:26]}  Ne4 {[%clk 0:15:04]} 10. Rc1 {[%clk 0:15:19]}  Nd7 {[%clk 0:15:07]} 11. Nd2 {[%clk 0:14:52]}  Nxc3 {[%clk 0:14:21]} 12. Bxc3 {[%clk 0:14:48]}  Bd6 {[%clk 0:14:24]} 13. Bf3 {[%clk 0:14:29]}  Qg5 {[%clk 0:14:09]} 14. g3 {[%clk 0:14:19]}  Nf6 {[%clk 0:14:11]} 15. Bg2 {[%clk 0:13:41]}  h5 {[%clk 0:13:43]} 16. Nf3 {[%clk 0:13:28]}  Qh6 {[%clk 0:13:45]} 17. h4 {[%clk 0:13:22]}  Ne4 {[%clk 0:13:32]} 18. Be1 {[%clk 0:12:55]}  Bg4 {[%clk 0:12:25]} 19. Qc2 {[%clk 0:10:33]}  Qg6 {[%clk 0:08:57]} 20. Ne5 {[%clk 0:10:09]}  Bxe5 {[%clk 0:08:59]} 21. dxe5 {[%clk 0:12:30]}  Bf5 {[%clk 0:08:41]} 22. Qb2 {[%clk 0:12:28]}  Nc5 {[%clk 0:08:41]} 23. Qa3 {[%clk 0:11:27]}  Nd3 {[%clk 0:08:38]} 24. Rd1 {[%clk 0:11:24]}  dxc4 {[%clk 0:08:03]} 25. bxc4 {[%clk 0:10:59]}  Nxe5 {[%clk 0:08:07]} 26. Bb4 {[%clk 0:09:24]}  Rfd8 {[%clk 0:07:00]} 27. Rxd8+ {[%clk 0:10:20]}  Rxd8 {[%clk 0:07:05]} 28. Qxa7 {[%clk 0:10:24]}  Be4 {[%clk 0:07:09]} 29. Qa5 {[%clk 0:10:18]}  Bxg2 {[%clk 0:02:36]} 30. Qxd8+ {[%clk 0:10:05]}  Kh7 {[%clk 0:02:40]} 31. Kxg2 {[%clk 0:09:56]}  Qe4+ {[%clk 0:02:44]} 32. f3 {[%clk 0:09:58]}  Qxc4 {[%clk 0:02:47]} 33. Qd2 {[%clk 0:09:52]}  Nd3 {[%clk 0:02:48]} 34. Bc3 {[%clk 0:09:48]}  e5 {[%clk 0:02:51]} 35. e4 {[%clk 0:09:34]}  b5 {[%clk 0:02:45]} 36. Rd1 {[%clk 0:09:21]}  Nc5 {[%clk 0:02:49]} 37. Bxe5 {[%clk 0:09:09]}  Ne6 {[%clk 0:02:50]} 38. Rc1 {[%clk 0:08:01]}  Qa4 {[%clk 0:02:54]} 39. Qc2 {[%clk 0:08:01]}  Qa5 {[%clk 0:02:48]} 40. Bc3 {[%clk 0:06:33]}  b4 {[%clk 0:02:52]} 41. Ba1 {[%clk 0:05:53]}  c5 {[%clk 0:02:44]} 42. f4 {[%clk 0:05:33]}  Nd8 {[%clk 0:02:16]} 43. f5 {[%clk 0:04:55]}  f6 {[%clk 0:02:03]} 44. Qe2 {[%clk 0:04:47]}  Nf7 {[%clk 0:01:57]} 45. Qxh5+ {[%clk 0:04:47]}  Kg8 {[%clk 0:02:02]} 46. Qe2 {[%clk 0:04:43]}  Nd6 {[%clk 0:01:58]} 47. Kh3 {[%clk 0:04:32]}  c4 {[%clk 0:01:27]} 48. Rxc4 {[%clk 0:04:23]}  b3 {[%clk 0:01:30]} 49. Rc6 {[%clk 0:03:55]}  Nxf5 {[%clk 0:01:01]} 50. Rc8+ {[%clk 0:03:30]}  Kf7 {[%clk 0:00:46]} 51. Qc4+ {[%clk 0:03:00]}  Ke7 {[%clk 0:00:31]} 52. Qc7+ {[%clk 0:03:01]}  Qxc7 {[%clk 0:00:34]} 53. Rxc7+ {[%clk 0:03:05]}  Kd6 {[%clk 0:00:31]} 54. exf5 {[%clk 0:03:04]}  Kxc7 {[%clk 0:00:34]} 55. axb3 {[%clk 0:03:08]}  Kc6 {[%clk 0:00:38]} 56. Kg4 {[%clk 0:03:11]}  Kd5 {[%clk 0:00:41]} 57. Kh5 {[%clk 0:03:10]}  Ke4 {[%clk 0:00:46]} 58. Kg6 {[%clk 0:03:14]}  Kf3 {[%clk 0:00:50]} 59. Kxg7 {[%clk 0:03:17]}  Kxg3 {[%clk 0:00:53]} 60. Kxf6 {[%clk 0:03:20]}  Kxh4 {[%clk 0:00:57]} 61. b4 {[%clk 0:03:24]}  Kh5 {[%clk 0:01:01]} 62. b5 {[%clk 0:03:28]}  Kh6 {[%clk 0:01:05]} 63. b6 {[%clk 0:03:31]}  Kh7 {[%clk 0:01:09]} 64. b7 {[%clk 0:03:22]}  Kh6 {[%clk 0:01:14]} 65. b8=Q {[%clk 0:03:21]}  Kh5 {[%clk 0:01:17]} 66. Qg8 {[%clk 0:03:21]}  Kh4 {[%clk 0:01:21]} 67. Qg5+ {[%clk 0:03:19]}  Kh3 {[%clk 0:01:25]} 68. Ke5 {[%clk 0:03:22]}  Kh2 {[%clk 0:01:29]} 69. Kf4 {[%clk 0:03:25]}  Kh1 {[%clk 0:01:33]} 70. Kf3 {[%clk 0:03:29]} 1-0

[Event "Rapid Tournament (RAP)"]
[Site "Biel, CH"]
[Date "2025.07.13"]
[Round "5"]
[White "Panchanathan, Magesh Chandran"]
[Black "Menzi, Jonas"]
[Result "1/2-1/2"]
[Board "8"]
[WhiteFideId "5007429"]
[BlackFideId "1345133"]
[WhiteTitle "GM"]
[WhiteElo "2454"]
[BlackElo "2097"]
[WhiteTeam "IND"]
[BlackTeam "SUI"]
[WhiteClock "0:00:47"]
[BlackClock "0:00:26"]
[Variant "Standard"]

1. Nf3 {[%clk 0:15:09]}  d5 {[%clk 0:15:08]} 2. g3 {[%clk 0:15:13]}  Nf6 {[%clk 0:15:11]} 3. Bg2 {[%clk 0:15:17]}  e6 {[%clk 0:14:55]} 4. O-O {[%clk 0:15:19]}  Be7 {[%clk 0:14:32]} 5. c4 {[%clk 0:15:17]}  O-O {[%clk 0:14:28]} 6. d3 {[%clk 0:14:56]}  c5 {[%clk 0:14:06]} 7. cxd5 {[%clk 0:14:49]}  Nxd5 {[%clk 0:13:50]} 8. Nc3 {[%clk 0:14:27]}  Nf6 {[%clk 0:12:43]} 9. d4 {[%clk 0:14:23]}  Nc6 {[%clk 0:12:45]} 10. dxc5 {[%clk 0:14:11]}  Bxc5 {[%clk 0:12:48]} 11. a3 {[%clk 0:13:41]}  Qe7 {[%clk 0:09:33]} 12. Bg5 {[%clk 0:07:46]}  h6 {[%clk 0:09:35]} 13. Bxf6 {[%clk 0:07:40]}  Qxf6 {[%clk 0:09:38]} 14. Ne4 {[%clk 0:07:12]}  Qe7 {[%clk 0:09:43]} 15. Nxc5 {[%clk 0:07:09]}  Qxc5 {[%clk 0:09:46]} 16. Qb3 {[%clk 0:07:12]}  e5 {[%clk 0:09:12]} 17. Rfd1 {[%clk 0:06:45]}  Qe7 {[%clk 0:06:08]} 18. Rac1 {[%clk 0:06:00]}  Be6 {[%clk 0:05:14]} 19. Qe3 {[%clk 0:04:20]}  Bd7 {[%clk 0:02:35]} 20. b4 {[%clk 0:06:02]}  a6 {[%clk 0:02:03]} 21. Qb6 {[%clk 0:05:30]}  Be6 {[%clk 0:01:30]} 22. e3 {[%clk 0:05:26]}  Rfd8 {[%clk 0:01:23]} 23. Nd2 {[%clk 0:05:04]}  Bg4 {[%clk 0:01:13]} 24. f3 {[%clk 0:05:07]}  Be6 {[%clk 0:01:16]} 25. Ne4 {[%clk 0:05:07]}  Rxd1+ {[%clk 0:01:06]} 26. Rxd1 {[%clk 0:05:11]}  Rd8 {[%clk 0:01:10]} 27. Rxd8+ {[%clk 0:03:35]}  Qxd8 {[%clk 0:01:14]} 28. Qxd8+ {[%clk 0:03:38]}  Nxd8 {[%clk 0:01:18]} 29. f4 {[%clk 0:03:40]}  exf4 {[%clk 0:01:06]} 30. gxf4 {[%clk 0:03:44]}  b6 {[%clk 0:00:37]} 31. Nd6 {[%clk 0:03:40]}  a5 {[%clk 0:00:30]} 32. b5 {[%clk 0:02:24]}  Kf8 {[%clk 0:00:29]} 33. e4 {[%clk 0:02:28]}  Ke7 {[%clk 0:00:30]} 34. e5 {[%clk 0:02:33]}  f6 {[%clk 0:00:17]} 35. Kf2 {[%clk 0:01:37]}  fxe5 {[%clk 0:00:21]} 36. fxe5 {[%clk 0:01:41]}  Nf7 {[%clk 0:00:26]} 37. Nxf7 {[%clk 0:01:42]}  Kxf7 {[%clk 0:00:14]} 38. Ke3 {[%clk 0:01:47]}  Bc4 {[%clk 0:00:18]} 39. Bc6 {[%clk 0:01:48]}  Ke6 {[%clk 0:00:19]} 40. Kd4 {[%clk 0:01:50]}  Bf1 {[%clk 0:00:08]} 41. Bd5+ {[%clk 0:01:43]}  Ke7 {[%clk 0:00:11]} 42. Bc6 {[%clk 0:01:16]}  Ke6 {[%clk 0:00:15]} 43. Ke4 {[%clk 0:01:10]}  g5 {[%clk 0:00:16]} 44. Bd5+ {[%clk 0:01:02]}  Ke7 {[%clk 0:00:18]} 45. Bc6 {[%clk 0:00:48]}  Ke6 {[%clk 0:00:23]} 46. Kd4 {[%clk 0:00:50]}  h5 {[%clk 0:00:23]} 47. Bd5+ {[%clk 0:00:40]}  Ke7 {[%clk 0:00:24]} 48. Bc6 {[%clk 0:00:43]}  Ke6 {[%clk 0:00:26]} 49. Bd5+ {[%clk 0:00:47]} 1/2-1/2

[Event "Rapid Tournament (RAP)"]
[Site "Biel, CH"]
[Date "2025.07.13"]
[Round "5"]
[White "Sharif, Mehrshad"]
[Black "Chen, Zhi"]
[Result "1-0"]
[Board "9"]
[WhiteFideId "600121"]
[BlackFideId "8619549"]
[WhiteTitle "IM"]
[WhiteElo "2334"]
[BlackElo "2027"]
[WhiteTeam "FRA"]
[BlackTeam "CHN"]
[WhiteClock "0:00:25"]
[BlackClock "0:00:07"]
[Variant "Standard"]

1. Nf3 {[%clk 0:15:08]}  c5 {[%clk 0:15:05]} 2. c4 {[%clk 0:15:11]}  g6 {[%clk 0:15:00]} 3. d4 {[%clk 0:15:07]}  cxd4 {[%clk 0:14:59]} 4. Nxd4 {[%clk 0:15:11]}  Nc6 {[%clk 0:14:37]} 5. e4 {[%clk 0:15:13]}  Bg7 {[%clk 0:14:23]} 6. Be3 {[%clk 0:15:15]}  Nf6 {[%clk 0:14:09]} 7. Nc3 {[%clk 0:15:17]}  Ng4 {[%clk 0:13:27]} 8. Qxg4 {[%clk 0:15:17]}  Nxd4 {[%clk 0:13:30]} 9. Qd1 {[%clk 0:15:18]}  Nc6 {[%clk 0:13:13]} 10. Rc1 {[%clk 0:15:06]}  Qa5 {[%clk 0:13:12]} 11. a3 {[%clk 0:14:21]}  b6 {[%clk 0:13:09]} 12. Qd2 {[%clk 0:14:17]}  Bb7 {[%clk 0:12:41]} 13. Be2 {[%clk 0:13:49]}  d6 {[%clk 0:12:04]} 14. O-O {[%clk 0:13:14]}  O-O {[%clk 0:12:02]} 15. f4 {[%clk 0:12:31]}  Rac8 {[%clk 0:11:25]} 16. Rfd1 {[%clk 0:12:11]}  e5 {[%clk 0:09:38]} 17. Nb5 {[%clk 0:10:46]}  exf4 {[%clk 0:07:48]} 18. Bxf4 {[%clk 0:10:31]}  Qxd2 {[%clk 0:07:39]} 19. Rxd2 {[%clk 0:09:56]}  Na5 {[%clk 0:06:58]} 20. Nxd6 {[%clk 0:07:47]}  Nb3 {[%clk 0:06:55]} 21. Nxc8 {[%clk 0:07:34]}  Rxc8 {[%clk 0:05:53]} 22. Rd7 {[%clk 0:06:44]}  Nxc1 {[%clk 0:05:21]} 23. Bxc1 {[%clk 0:06:46]}  Bxe4 {[%clk 0:05:11]} 24. Rxa7 {[%clk 0:06:45]}  b5 {[%clk 0:05:08]} 25. Re7 {[%clk 0:05:58]}  Bb1 {[%clk 0:04:39]} 26. Bg4 {[%clk 0:03:01]}  f5 {[%clk 0:03:37]} 27. Bf3 {[%clk 0:02:58]}  bxc4 {[%clk 0:03:16]} 28. Bd5+ {[%clk 0:02:44]}  Kh8 {[%clk 0:03:02]} 29. Kf2 {[%clk 0:00:56]}  Bd3 {[%clk 0:01:57]} 30. a4 {[%clk 0:00:45]}  Rd8 {[%clk 0:00:59]} 31. Bc6 {[%clk 0:00:42]}  Rb8 {[%clk 0:00:18]} 32. a5 {[%clk 0:00:27]}  c3 {[%clk 0:00:16]} 33. bxc3 {[%clk 0:00:27]}  Bxc3 {[%clk 0:00:19]} 34. a6 {[%clk 0:00:19]}  Bxa6 {[%clk 0:00:18]} 35. Be3 {[%clk 0:00:20]}  Bg7 {[%clk 0:00:11]} 36. h4 {[%clk 0:00:18]}  Rc8 {[%clk 0:00:12]} 37. Bd5 {[%clk 0:00:19]}  Rd8 {[%clk 0:00:11]} 38. Bc6 {[%clk 0:00:13]}  Rf8 {[%clk 0:00:07]} 39. g3 {[%clk 0:00:14]}  Bc4 {[%clk 0:00:07]} 40. Bf3 {[%clk 0:00:11]}  Rb8 {[%clk 0:00:10]} 41. Bc6 {[%clk 0:00:12]}  Rb2+ {[%clk 0:00:11]} 42. Kf3 {[%clk 0:00:15]}  Be2+ {[%clk 0:00:09]} 43. Kf4 {[%clk 0:00:19]}  Bh6+ {[%clk 0:00:12]} 44. Ke5 {[%clk 0:00:23]}  Bxe3 {[%clk 0:00:11]} 45. Bd5 {[%clk 0:00:18]}  Rb8 {[%clk 0:00:03]} 46. Kd6 {[%clk 0:00:22]}  Rd8+ {[%clk 0:00:13]} 47. Kc6 {[%clk 0:00:20]}  Rxd5 {[%clk 0:00:10]} 48. Kxd5 {[%clk 0:00:16]}  Bf3+ {[%clk 0:00:14]} 49. Ke6 {[%clk 0:00:19]}  Bd4 {[%clk 0:00:13]} 50. Rd7 {[%clk 0:00:22]}  Bb2 {[%clk 0:00:07]} 51. Kf7 {[%clk 0:00:25]} 1-0

[Event "Rapid Tournament (RAP)"]
[Site "Biel, CH"]
[Date "2025.07.13"]
[Round "5"]
[White "De Gregorio, Alexis"]
[Black "Gireada, Daniel"]
[Result "1-0"]
[Board "10"]
[WhiteFideId "1310054"]
[BlackFideId "1206451"]
[WhiteElo "2032"]
[BlackElo "2255"]
[WhiteTeam "SUI"]
[BlackTeam "ROU"]
[WhiteClock "0:03:30"]
[BlackClock "0:01:14"]
[Variant "Standard"]

1. d4 {[%clk 0:15:06]}  Nf6 {[%clk 0:15:07]} 2. c4 {[%clk 0:15:10]}  g6 {[%clk 0:15:11]} 3. Nc3 {[%clk 0:15:13]}  d5 {[%clk 0:15:14]} 4. cxd5 {[%clk 0:15:13]}  Nxd5 {[%clk 0:15:18]} 5. Bd2 {[%clk 0:15:15]}  Bg7 {[%clk 0:15:15]} 6. e4 {[%clk 0:15:18]}  Nxc3 {[%clk 0:15:18]} 7. Bxc3 {[%clk 0:15:21]}  O-O {[%clk 0:15:06]} 8. Bc4 {[%clk 0:15:04]}  c5 {[%clk 0:14:50]} 9. Ne2 {[%clk 0:15:16]}  cxd4 {[%clk 0:13:04]} 10. Nxd4 {[%clk 0:14:19]}  Nc6 {[%clk 0:12:49]} 11. Nxc6 {[%clk 0:13:02]}  Bxc3+ {[%clk 0:12:48]} 12. bxc3 {[%clk 0:13:05]}  bxc6 {[%clk 0:12:50]} 13. Qxd8 {[%clk 0:11:06]}  Rxd8 {[%clk 0:12:54]} 14. h4 {[%clk 0:10:08]}  Be6 {[%clk 0:12:05]} 15. Bxe6 {[%clk 0:10:58]}  fxe6 {[%clk 0:12:09]} 16. Ke2 {[%clk 0:10:14]}  Rab8 {[%clk 0:11:11]} 17. Rab1 {[%clk 0:10:44]}  e5 {[%clk 0:11:06]} 18. Rb3 {[%clk 0:10:27]}  Rxb3 {[%clk 0:07:44]} 19. axb3 {[%clk 0:10:30]}  Rb8 {[%clk 0:07:48]} 20. b4 {[%clk 0:10:13]}  Kf7 {[%clk 0:07:44]} 21. Ra1 {[%clk 0:09:46]}  Rb7 {[%clk 0:07:22]} 22. Ra6 {[%clk 0:09:15]}  Rc7 {[%clk 0:06:10]} 23. Kd3 {[%clk 0:06:25]}  Ke8 {[%clk 0:04:46]} 24. Ra5 {[%clk 0:06:01]}  c5 {[%clk 0:04:09]} 25. bxc5 {[%clk 0:05:46]}  Rd7+ {[%clk 0:03:56]} 26. Kc4 {[%clk 0:05:13]}  Rd2 {[%clk 0:03:57]} 27. Rxa7 {[%clk 0:05:07]}  Rxf2 {[%clk 0:04:00]} 28. c6 {[%clk 0:04:51]}  Kd8 {[%clk 0:03:48]} 29. Rd7+ {[%clk 0:04:03]}  Kc8 {[%clk 0:03:48]} 30. Rxe7 {[%clk 0:04:03]}  Rxg2 {[%clk 0:03:46]} 31. Rxh7 {[%clk 0:03:54]}  Re2 {[%clk 0:01:49]} 32. Kd5 {[%clk 0:03:34]}  Rc2 {[%clk 0:01:19]} 33. Kd6 {[%clk 0:03:26]}  Rd2+ {[%clk 0:01:14]} 34. Kxe5 {[%clk 0:03:30]} 1-0

[Event "Rapid Tournament (RAP)"]
[Site "Biel, CH"]
[Date "2025.07.13"]
[Round "5"]
[White "Maier, Christian"]
[Black "He, Junchen"]
[Result "1-0"]
[Board "11"]
[WhiteFideId "4601955"]
[BlackFideId "8642427"]
[WhiteTitle "IM"]
[WhiteElo "2250"]
[BlackElo "2007"]
[WhiteTeam "GER"]
[BlackTeam "CHN"]
[WhiteClock "0:05:05"]
[BlackClock "0:00:22"]
[Variant "Standard"]

1. e4 {[%clk 0:15:08]}  e5 {[%clk 0:15:01]} 2. Nf3 {[%clk 0:15:11]}  Nf6 {[%clk 0:15:04]} 3. Nc3 {[%clk 0:15:04]}  Bb4 {[%clk 0:15:04]} 4. Nxe5 {[%clk 0:14:58]}  O-O {[%clk 0:14:57]} 5. Nd3 {[%clk 0:14:52]}  Bxc3 {[%clk 0:14:58]} 6. dxc3 {[%clk 0:14:55]}  Nxe4 {[%clk 0:15:00]} 7. Be2 {[%clk 0:14:57]}  d5 {[%clk 0:14:41]} 8. O-O {[%clk 0:14:58]}  h6 {[%clk 0:14:03]} 9. Nf4 {[%clk 0:14:55]}  c6 {[%clk 0:13:45]} 10. c4 {[%clk 0:14:50]}  dxc4 {[%clk 0:12:40]} 11. Qxd8 {[%clk 0:14:47]}  Rxd8 {[%clk 0:12:44]} 12. Bxc4 {[%clk 0:14:50]}  Bf5 {[%clk 0:11:36]} 13. Be3 {[%clk 0:14:41]}  Nd7 {[%clk 0:11:25]} 14. Rad1 {[%clk 0:13:27]}  Ne5 {[%clk 0:10:15]} 15. Bb3 {[%clk 0:13:14]}  b6 {[%clk 0:09:43]} 16. f3 {[%clk 0:12:45]}  Nd6 {[%clk 0:09:14]} 17. g4 {[%clk 0:11:50]}  Bh7 {[%clk 0:08:28]} 18. Bd4 {[%clk 0:09:51]}  Ndc4 {[%clk 0:08:16]} 19. Kf2 {[%clk 0:07:36]}  c5 {[%clk 0:06:08]} 20. Bc3 {[%clk 0:07:04]}  b5 {[%clk 0:05:57]} 21. Rfe1 {[%clk 0:05:48]}  Rxd1 {[%clk 0:04:42]} 22. Rxd1 {[%clk 0:05:51]}  b4 {[%clk 0:01:40]} 23. Bxe5 {[%clk 0:05:47]}  Nxe5 {[%clk 0:01:44]} 24. Rd5 {[%clk 0:05:50]}  c4 {[%clk 0:01:35]} 25. Rxe5 {[%clk 0:05:40]}  cxb3 {[%clk 0:01:39]} 26. cxb3 {[%clk 0:05:43]}  f6 {[%clk 0:01:26]} 27. Ra5 {[%clk 0:05:42]}  Rc8 {[%clk 0:01:09]} 28. Rxa7 {[%clk 0:05:35]}  Rc2+ {[%clk 0:01:12]} 29. Kg3 {[%clk 0:05:38]}  Rxb2 {[%clk 0:01:08]} 30. Nh5 {[%clk 0:05:26]}  Bb1 {[%clk 0:00:58]} 31. Rxg7+ {[%clk 0:05:27]}  Kf8 {[%clk 0:01:06]} 32. Rb7 {[%clk 0:05:30]}  Bxa2 {[%clk 0:00:57]} 33. Rxb4 {[%clk 0:05:33]}  Ke7 {[%clk 0:00:54]} 34. Rb7+ {[%clk 0:05:36]}  Ke6 {[%clk 0:00:55]} 35. Rb6+ {[%clk 0:05:35]}  Ke7 {[%clk 0:00:53]} 36. Rxf6 {[%clk 0:05:38]}  Bxb3 {[%clk 0:00:55]} 37. Rxh6 {[%clk 0:05:41]}  Bd5 {[%clk 0:00:53]} 38. Rf6 {[%clk 0:05:44]}  Bf7 {[%clk 0:00:50]} 39. Rf5 {[%clk 0:05:43]}  Rb3 {[%clk 0:00:48]} 40. Nf4 {[%clk 0:05:29]}  Rb1 {[%clk 0:00:46]} 41. h4 {[%clk 0:05:18]}  Rg1+ {[%clk 0:00:47]} 42. Kf2 {[%clk 0:05:21]}  Ra1 {[%clk 0:00:48]} 43. h5 {[%clk 0:05:17]}  Ra6 {[%clk 0:00:42]} 44. g5 {[%clk 0:05:21]}  Ra4 {[%clk 0:00:25]} 45. g6 {[%clk 0:05:21]}  Bg8 {[%clk 0:00:27]} 46. Kg3 {[%clk 0:05:22]}  Ra1 {[%clk 0:00:27]} 47. h6 {[%clk 0:05:23]}  Rh1 {[%clk 0:00:28]} 48. Rh5 {[%clk 0:05:03]}  Rg1+ {[%clk 0:00:22]} 49. Kf2 {[%clk 0:05:05]} 1-0

[Event "Rapid Tournament (RAP)"]
[Site "Biel, CH"]
[Date "2025.07.13"]
[Round "5"]
[White "Schweitzer, Olaf"]
[Black "Kappeler, Kaspar"]
[Result "0-1"]
[Board "12"]
[WhiteFideId "634123"]
[BlackFideId "1309072"]
[BlackTitle "FM"]
[WhiteElo "1996"]
[BlackElo "2178"]
[WhiteTeam "FRA"]
[BlackTeam "SUI"]
[WhiteClock "0:00:14"]
[BlackClock "0:00:34"]
[Variant "Standard"]

1. e4 {[%clk 0:15:09]}  c5 {[%clk 0:15:07]} 2. Nf3 {[%clk 0:15:12]}  Nc6 {[%clk 0:15:09]} 3. Bb5 {[%clk 0:15:16]}  d6 {[%clk 0:15:06]} 4. c3 {[%clk 0:15:20]}  Bd7 {[%clk 0:15:03]} 5. Qe2 {[%clk 0:15:24]}  Nf6 {[%clk 0:14:42]} 6. O-O {[%clk 0:15:27]}  a6 {[%clk 0:14:13]} 7. Ba4 {[%clk 0:15:31]}  b5 {[%clk 0:13:56]} 8. Bc2 {[%clk 0:15:35]}  Bg4 {[%clk 0:13:50]} 9. d3 {[%clk 0:15:27]}  g6 {[%clk 0:12:27]} 10. Nbd2 {[%clk 0:13:35]}  Bg7 {[%clk 0:10:39]} 11. h3 {[%clk 0:15:33]}  Bxf3 {[%clk 0:10:38]} 12. Nxf3 {[%clk 0:15:36]}  O-O {[%clk 0:10:10]} 13. Rd1 {[%clk 0:15:36]}  Rc8 {[%clk 0:09:34]} 14. d4 {[%clk 0:15:31]}  cxd4 {[%clk 0:09:11]} 15. cxd4 {[%clk 0:15:35]}  Qb6 {[%clk 0:07:48]} 16. e5 {[%clk 0:15:21]}  Nd5 {[%clk 0:05:21]} 17. Bb3 {[%clk 0:15:20]}  e6 {[%clk 0:04:46]} 18. Qe4 {[%clk 0:14:56]}  Nce7 {[%clk 0:04:03]} 19. Qh4 {[%clk 0:15:23]}  Nf5 {[%clk 0:03:38]} 20. Qe4 {[%clk 0:15:17]}  dxe5 {[%clk 0:03:03]} 21. Nxe5 {[%clk 0:13:18]}  Rfd8 {[%clk 0:02:41]} 22. g4 {[%clk 0:12:47]}  Nf6 {[%clk 0:02:20]} 23. Qe2 {[%clk 0:08:22]}  Nxd4 {[%clk 0:02:16]} 24. Rxd4 {[%clk 0:08:25]}  Rxd4 {[%clk 0:00:59]} 25. Be3 {[%clk 0:08:28]}  Re4 {[%clk 0:00:41]} 26. Qf3 {[%clk 0:08:22]}  Rxe3 {[%clk 0:00:15]} 27. fxe3 {[%clk 0:08:21]}  Rc7 {[%clk 0:00:08]} 28. Qa8+ {[%clk 0:06:41]}  Bf8 {[%clk 0:00:11]} 29. Re1 {[%clk 0:06:44]}  Kg7 {[%clk 0:00:11]} 30. Qd8 {[%clk 0:06:21]}  Qd6 {[%clk 0:00:13]} 31. Qxd6 {[%clk 0:03:53]}  Bxd6 {[%clk 0:00:16]} 32. Nd3 {[%clk 0:03:54]}  h5 {[%clk 0:00:18]} 33. e4 {[%clk 0:03:19]}  Bc5+ {[%clk 0:00:11]} 34. Kg2 {[%clk 0:03:20]}  hxg4 {[%clk 0:00:13]} 35. hxg4 {[%clk 0:02:55]}  Nxg4 {[%clk 0:00:14]} 36. Kg3 {[%clk 0:02:58]}  Nf6 {[%clk 0:00:16]} 37. Kf3 {[%clk 0:02:25]}  Bd4 {[%clk 0:00:17]} 38. Re2 {[%clk 0:01:55]}  Nd7 {[%clk 0:00:01]} 39. e5 {[%clk 0:01:38]}  Nb6 {[%clk 0:00:19]} 40. Re4 {[%clk 0:01:37]}  Bc5 {[%clk 0:00:16]} 41. Ke2 {[%clk 0:00:55]}  Be7 {[%clk 0:00:19]} 42. Rd4 {[%clk 0:00:45]}  g5 {[%clk 0:00:18]} 43. Nf2 {[%clk 0:00:50]}  Bc5 {[%clk 0:00:19]} 44. Rg4 {[%clk 0:00:42]}  Bxf2 {[%clk 0:00:20]} 45. Kxf2 {[%clk 0:00:46]}  Kg6 {[%clk 0:00:23]} 46. Rd4 {[%clk 0:00:27]}  Kf5 {[%clk 0:00:16]} 47. Rd6 {[%clk 0:00:17]}  Nc4 {[%clk 0:00:19]} 48. Rxa6 {[%clk 0:00:19]}  Kxe5 {[%clk 0:00:14]} 49. a4 {[%clk 0:00:18]}  bxa4 {[%clk 0:00:13]} 50. Rxa4 {[%clk 0:00:21]}  Nxb2 {[%clk 0:00:14]} 51. Ra5+ {[%clk 0:00:26]}  Kf6 {[%clk 0:00:17]} 52. Ke2 {[%clk 0:00:24]}  Nc4 {[%clk 0:00:12]} 53. Ra4 {[%clk 0:00:26]}  Nd6 {[%clk 0:00:16]} 54. Rd4 {[%clk 0:00:26]}  Nf5 {[%clk 0:00:19]} 55. Rd3 {[%clk 0:00:27]}  Ke5 {[%clk 0:00:17]} 56. Kf2 {[%clk 0:00:27]}  g4 {[%clk 0:00:16]} 57. Bd1 {[%clk 0:00:22]}  Nh6 {[%clk 0:00:14]} 58. Kg3 {[%clk 0:00:22]}  f5 {[%clk 0:00:17]} 59. Re3+ {[%clk 0:00:23]}  Kf6 {[%clk 0:00:20]} 60. Bb3 {[%clk 0:00:10]}  Rc6 {[%clk 0:00:21]} 61. Rd3 {[%clk 0:00:12]}  Kg5 {[%clk 0:00:21]} 62. Bd1 {[%clk 0:00:15]}  f4+ {[%clk 0:00:24]} 63. Kg2 {[%clk 0:00:19]}  Nf5 {[%clk 0:00:27]} 64. Rd8 {[%clk 0:00:22]}  f3+ {[%clk 0:00:27]} 65. Kh2 {[%clk 0:00:23]}  Rd6 {[%clk 0:00:28]} 66. Rg8+ {[%clk 0:00:24]}  Kf4 {[%clk 0:00:12]} 67. Rg6 {[%clk 0:00:14]}  Rd2+ {[%clk 0:00:34]} 0-1